| 000 | 01598nam a2200349 c 4500 | ||
|---|---|---|---|
| 003 | BLK | ||
| 005 | 20250508165001.0 | ||
| 008 | 180408b bul|||||r ||||||| ||bul|| | ||
| 010 | _aKNG00057867000 | ||
| 020 |
_a954-524-420-8 _bиздат.: Унив. изд. Св. св. Кирил и Методий |
||
| 040 | _aBLK | ||
| 041 |
_aBUL _cBUL |
||
| 080 |
_aСоциална география _b911.3:316 _x(08) _z911.3:316(08) |
||
| 700 | 1 |
_aСтоянов, Петър _eпод общ. ред. на _9368939 |
|
| 139 |
_aСоциална и културна география _bС 54 |
||
| 245 | 1 | 0 |
_aСоциална и културна география _bСб. науч. статии _cпод общ. ред. на Петър Стоянов. |
| 257 | _aBGR | ||
| 260 |
_аВ. Търново _bУнив. изд. Св. св. Кирил и Методий _c2004 |
||
| 300 |
_a280 с. _bс к., сх. _c20 см |
||
| 380 | _a91 | ||
| 500 | _aДруги ред. : М. Бъчваров, А. Дерменджиев. - Изд. на СУ Св. Кл. Охридски, Великотърновски унив. Св. св. Кирил и Методий. - Библиогр. след отд. статии. | ||
| 504 | _aслед отд. стати | ||
| 650 | 4 |
_aСоциална география _9285285 |
|
| 653 | _aсоциална география | ||
| 653 | _aкултурна география | ||
| 852 | _aЦб 226254 | ||
| 856 | 4 |
_qpdf _u |
|
| 856 | 4 |
_qpdf _u |
|
| 942 |
_cKNG _n0 _02 |
||
| 944 |
_aCR _c25.01.2006 _k30542 _lРусанова Ирена |
||
| 944 |
_aED _c12.10.2007 _k |
||
| 999 |
_c53925 _d53925 |
||